Statistics for Movies By 1 Actor and 1 Actress - Netflix Edition

Click here to take the quiz!

General Stats

  • This quiz has been taken 11 times
  • The average score is 12 of 26

Answer Stats

CastMovie% Correct
Millie Bobby Brown, Henry CavillEnola Holmes
100%
Adam Sandler, Jennifer AnistonMurder Mystery
100%
Leonardo DiCaprio, Jennifer LawrenceDon't Look Up
75%
Viola Davis, Chadwick BosemanMa Rainey's Black Bottom
75%
Matthias Schweighöfer, Nathalie EmmanuelArmy of Thieves
63%
Ryan Reynolds, Zoe SaldanaThe Adam Project
63%
Robert De Niro, Anna PaquinThe Irishman
63%
Sandra Bullock, John MalkovichBird Box
50%
Ana de Armas, Adrien BrodyBlonde
50%
Daniel Craig, Kate HudsonGlass Onion: A Knives Out Mystery
50%
Ryan Gosling, Ana de ArmasThe Gray Man
50%
Timothee Chalamet, Lily-Rose DeppThe King
50%
Dave Bautista, Nora ArnezederArmy of the Dead
38%
Will Smith, Noomi RapaceBright
38%
Oscar Isaac, Melanie LaurentOperation Finale
38%
Tim Blake Nelson, Zoe KazanThe Ballad of Buster Scruggs
38%
Jessica Chastain, Eddie RedmayneThe Good Nurse
38%
Meryl Streep, Antonio BanderasThe Laundromat
38%
Charlize Theron, Chiwetel EjioforThe Old Guard
38%
Benedict Cumberbatch, Kirsten DunstThe Power of the Dog
38%
Jamie Foxx, Natasha Liu BordizzoDay Shift
25%
Margaret Qualley, Willem DafoeDeath Note
25%
Jonathan Majors, Zazie BeetzThe Harder They Fall
25%
Anne Hathaway, Ben AffleckThe Last Thing He Wanted
25%
Christian Bale, Riley KeoughThe Pale Blue Eye
25%
Jake Gyllenhaal, Rene RussoVelvet Buzzsaw
25%

Score Distribution

Percentile by Number Answered

Percent of People with Each Score

Your Score History

You have not taken this quiz